000 00239nam a2200097Ia 4500
001 685027
005 20250826161509.0
008 250824s9999 xx 000 0 und d
245 0 _aDÜNYA EVİ/O.KEMAL/EVEREST
_cORHAN KEMAL
260 _bEVEREST
999 _c685027
_d685027